Notre destinée et nos instincts

Spremljeno u:
Bibliografski detalji
Glavni autor: Greeff, Etienne de (Autor)
Format: Knjiga
Jezik:francuski
Izdano: París Plon 1945
Teme:
Oznake: Dodaj oznaku
Bez oznaka, Budi prvi tko označuje ovaj zapis!

MARC

LEADER 00000nam a2200000 a 4500
001 UCW9974
003 CL-VaPUC
008 890712e19450000FR |||||||||||||||||fre|d
082 0 4 |a 152  |b GRE  |2 21 
100 0 |a Greeff, Etienne de  |e author  |9 315446 
245 1 0 |a Notre destinée et nos instincts 
300 |a 241 p 
942 |c BK 
945 |d 19890712 00:00:00 
260 |a París  |b Plon  |c 1945 
650 7 |a DESTINO Y FATALISMO  |2 CL-VaPUC  |9 315447 
650 0 |a Instinto  |9 265225 
583 |a last modification  |c 19890712 00:00:00  |k Rodrigo Vera 
999 |c 221792  |d 221790 
952 |0 0  |1 0  |4 0  |6 152_000000000000000_GRE_1945  |7 0  |8 P  |9 215670  |a BIBEDU  |b BIBEDU  |c BIBEDU_PB  |d 2019-11-15  |i 161083K  |o 152 GRE 1945  |p 161083K  |r 2024-01-25  |w 2019-11-15  |y BK  |k EDU